1048 1408 1995 1070 1470 1887 1325 1046 1502 1018 1078 1806 1594 1855 1080 1377 1371 1479 1196 1877 1533 1385 1889 1643 1376 1849 1077 1182 1872 1835 1318 1079 1998 1054 1108 1861 1694 1499 1678 1973 1803 1508 1476 1552 1729 1299 1598 1736 1939 1790 1720 1689 1897 1996 1329 1628 1790 1013 1828 1614 1952 1602 1292 1144 1127 1277 1585 1260 1153 1055 1224 1616 1821 1279 1193 1204 1806 1694 1144 1329 1773 1118 1572 1839 1635 1208 1578 1873 1453 1047 1045 1791 1057 1950 1322 1473 1886 1452 1971 BCNSPRNW ULIB Ver.6.0+V

เปลี่ยนเป็นภาษาไทย

Change to English
 แสดงรายละเอียดบรรณานุกรม
  กลับหน้าหลัก

Brief Record : Get Marc (ISO 2709) : E-mail record : QR code < ปิดหน้าต่าง
LEADER : 00000nam 2200000uu 4500
001    13399113009
003     ULIB
008    110921s2548||||th 000 0 tha d
020    9749275616
090    PE1114^bช484ก มปป.
100 0  ชาญชัย บุญเฮ้า
245 10 เก่งภาษาอังกฤษจากข่าว /^cชาญชัย บุญเฮ้า
260    กรุงเทพฯ :^bB.E.C.,^c[2548?]
300    221 หน้า;^c21 ซม
650  7 ภาษาอังกฤษ^xการใช้ภาษา
650  7 ภาษาอังกฤษ^xการแปลเป็นภาษาไทย
650  7 ภาษาอังกฤษ^xคำศัพท์
945    ^p175^l0^i018791
945    ^p175^l0^i018792
945    ^p175^l0^i018947
945    ^p175^l0^i018948
995    ทศพร
999 ^a ทศพร
รายการนี้ยังไม่มีแท็ก
คุณยังไม่ได้ล็อกอิน คุณสามารถมีกิจกรรมร่วมกับเว็บไซต์ได้ แต่ต้องล็อกอินก่อน ::
  ล็อกอิน

รายการสื่อสารสนเทศ

ลำดับที่ ประเภท เลขเรียก/บาร์โค้ด สถานที่ สถานะ
- ไม่พบข้อมูล -

รายการใกล้เคียง
    ผู้แต่ง [ชาญชัย บุญเฮ้า]

    หัวเรื่อง [ภาษาอังกฤษ การใช้ภาษา]
    หัวเรื่อง [ภาษาอังกฤษ คำศัพท์]

BibComment


ยังไม่เคยถูกคอมเมนท์

คอมเมนท์ทรัพยากรรายการนี้
  คอมเมนท์: เก่งภาษาอังกฤษจาก..


 Copyright 2026. Bcnsprnw @Library